000 00309nam a22001337a 4500
008 171027b xxu||||| |||| 00| 0 eng d
020 _a9780538628969
041 _aeng
080 _23 ED
_a336
100 _a56
101 _aFIN
245 _aMAANGING YOUR PERSONAL FINANCES
_cRYAH.JS
942 _2udc
_cBK
999 _c36088
_d36088